Financial institution management : text and cases

Αποθηκεύτηκε σε:
Λεπτομέρειες βιβλιογραφικής εγγραφής
Κύριος συγγραφέας: Yeager, Fred C.
Άλλοι συγγραφείς: Seitz, Neil 1943-
Μορφή: Βιβλίο
Γλώσσα:English
Δημοσίευση: Englewood Cliffs, N.J. : Prentice Hall, c1989
Έκδοση:3rd ed.
Θέματα:
Ετικέτες: Προσθήκη ετικέτας
Δεν υπάρχουν, Καταχωρήστε ετικέτα πρώτοι!

MARC

LEADER 00000cam a2200000 i 4500
001 1/20767
008 930831s1989 eng d
020 |a 0133153835 
035 |l 10021605 
040 |a GR-MY-UA  |b gre  |e aacr 
041 0 |a eng 
082 0 |a 332.10681  |2 (19) 
100 1 |a Yeager, Fred C. 
245 1 0 |a Financial institution management :  |b text and cases /  |c Fred C. Yeager, Neil E. Seitz 
250 |a 3rd ed. 
260 |a Englewood Cliffs, N.J. :   |b Prentice Hall,   |c c1989 
300 |a xvi, 496 p.;  |b ill.;  |c 24 cm 
504 |a Includes bibliographies and index 
650 0 0 |a Financial institutions  |x Management. 
700 1 |a Seitz, Neil  |d 1943- 
852 |a INST  |b CHIOS  |e 19930831  |h 332.10681 YEA  |p 005200011489  |q 005200011489  |t BK  |y 0 
909 |a Χ  |b 024130